| 000 | 00648nam a2200217 a 4500 | ||
|---|---|---|---|
| 005 | 20220622063505.0 | ||
| 008 | 991125s1997 mx 000 0 spa u | ||
| 020 | _a9686898743 | ||
| 035 | _aUPN01000002953 | ||
| 049 | _aCG | ||
| 050 | 4 |
_aPN56 P92 _bA55 |
|
| 245 | 0 | 4 |
_aLos animales, personajes en el mundo de los niños / _ccomp. Salvador Millán. |
| 260 |
_aMéxico : _bUPN, _c1997. |
||
| 300 | _a126 p. | ||
| 440 | 0 |
_aDiálogos ; _v1 |
|
| 500 | _a"Seminario de sociopsicoanálisis" | ||
| 650 | 0 |
_aAnimales _vCuentos y leyendas _9234 |
|
| 650 | 4 |
_aPSICOANALISIS EN LA LITERATURA _914150 |
|
| 700 | 1 |
_aMillán, Salvador, _ecomp. |
|
| 905 | _aLibro | ||
| 999 |
_c2953 _d2953 |
||